| 000 -LEADER |
| fixed length control field |
00484nam a2200217Ia 4500 |
| 001 - CONTROL NUMBER |
| control field |
10574 |
| 003 - CONTROL NUMBER IDENTIFIER |
| control field |
GE_BSU |
| 008 - FIXED-LENGTH DATA ELEMENTS--GENERAL INFORMATION |
| fixed length control field |
181216s||||||||xx |||||||||||||| ||und|| |
| 020 ## - INTERNATIONAL STANDARD BOOK NUMBER |
| International Standard Book Number |
0194513912 |
| 040 ## - CATALOGING SOURCE |
| Transcribing agency |
GE_BSU |
| 080 ## - UNIVERSAL DECIMAL CLASSIFICATION NUMBER |
| Universal Decimal Classification number |
338.22 |
| 100 ## - MAIN ENTRY--PERSONAL NAME |
| Personal name |
Hollett,Vicki. |
| 245 ## - TITLE STATEMENT |
| Title |
Business Objectives. |
| 250 ## - EDITION STATEMENT |
| Edition statement |
New Edition. |
| 260 ## - PUBLICATION, DISTRIBUTION, ETC. |
| Name of publisher, distributor, etc. |
Oxford University Press. |
| 260 ## - PUBLICATION, DISTRIBUTION, ETC. |
| Date of publication, distribution, etc. |
1996. |
| 300 ## - PHYSICAL DESCRIPTION |
| Extent |
191p;22cm. |
| 653 ## - INDEX TERM--UNCONTROLLED |
| Uncontrolled term |
Business Objectives. |
| 942 ## - ADDED ENTRY ELEMENTS (KOHA) |
| Koha item type |
წიგნი |